Экогеохимия почв равнинных ландшафтов юга Западной Сибири; Обской вестник; № 3/4

Dades bibliogràfiques
Parent link:Обской вестник: научно-практический журнал/ Комитет России по водному хозяйству ; Сибирское соглашение ; Обской бассейновый совет ; Российская академия наук (РАН), Сибирское отделение (СО), Институт водных и экологических проблем (ИВЭП) ; Водоканал Барнаула ; Ноосфера.— , 1999-2001
№ 3/4.— 1999.— С. 82-90
Autor principal: Калинин Ю. А.
Autor corporatiu: Российская академия наук (РАН) Сибирское отделение (СО) Институт геологии
Altres autors: Росляков Н. А.
Idioma:rus
Publicat: 1999
Matèries:
Format: MixedMaterials Capítol de llibre
KOHA link:https://koha.lib.tpu.ru/cgi-bin/koha/opac-detail.pl?biblionumber=410339

MARC

LEADER 00000naa2a2200000 4500
001 410339
005 20231101071320.0
035 |a (RuTPU)RU\TPU\prd\64253 
035 |a RU\TPU\prd\64247 
090 |a 410339 
100 |a 20090318a1999 k y0rusy50 ca 
101 0 |a rus 
102 |a RU 
200 1 |a Экогеохимия почв равнинных ландшафтов юга Западной Сибири  |f Ю. А. Калинин, Н. А. Росляков  |g Российская академия наук (РАН), Сибирское отделение (СО), Институт геологии 
320 |a Библиогр.: 23 назв. 
461 0 |0 (RuTPU)RU\TPU\prd\41  |t Обской вестник  |o научно-практический журнал  |f Комитет России по водному хозяйству ; Сибирское соглашение ; Обской бассейновый совет ; Российская академия наук (РАН), Сибирское отделение (СО), Институт водных и экологических проблем (ИВЭП) ; Водоканал Барнаула ; Ноосфера  |d 1999-2001 
463 0 |0 (RuTPU)RU\TPU\prd\64242  |t № 3/4  |v С. 82-90  |d 1999 
610 1 |a труды учёных ТПУ 
675 |a 502.653:55(571.1)  |v 3 
700 1 |a Калинин  |b Ю. А. 
701 1 |a Росляков  |b Н. А. 
712 0 2 |a Российская академия наук (РАН)  |b Сибирское отделение (СО)  |b Институт геологии  |c (Новосибирск) 
801 1 |a RU  |b 63413507  |c 20090318  |g PSBO 
801 2 |a RU  |b 63413507  |c 20130122  |g PSBO 
942 |c BK